Heart By Heart (All Lyrics) - Joe Jonas - Statistics

General Stats
  • This quiz has been taken 12 times
  • The average score is 269 of 334
Answer Stats
Answer % Correct
a
100%
always
100%
by
100%
'cause
100%
'Cause
100%
he
100%
heart
100%
(Heart
100%
heart)
100%
I,
100%
I
100%
know
100%
Know
100%
long
100%
Remember,
100%
remember
100%
Remember
100%
remember,
100%
remember)
100%
the
100%
will
100%
you,
100%
You
100%
you
100%
and
83%
And
83%
back
83%
be
83%
car
83%
give
83%
it
83%
Just
83%
(Just
83%
live
83%
lovin'
83%
my
83%
night
83%
of
83%
on
83%
road
83%
sweetest
83%
tasted
83%
time
83%
to
83%
your
83%
all
67%
avenues
67%
baby?
67%
baby
67%
Baby,
67%
been
67%
before
67%
catching
67%
darling?
67%
darling
67%
don't
67%
down
67%
Even
67%
ever
67%
got
67%
gotta
67%
hate
67%
Haven't
67%
if
67%
If
67%
I've
67%
left
67%
life
67%
light
67%
Losing
67%
lot
67%
me
67%
Oh,
67%
Oh,`
67%
(Oh,
67%
(Oh)
67%
out
67%
sleep
67%
So
67%
spark
67%
spark,
67%
that
67%
these
67%
tried
67%
waste
67%
we,
67%
we
67%
Well,
67%
you're
67%
You've
67%
ain't
50%
anytime
50%
babe
50%
call
50%
can
50%
dark
50%
didn't
50%
flame
50%
flickers
50%
flights
50%
forth
50%
get
50%
going
50%
hard
50%
Holdin'
50%
I'd
50%
I'm
50%
in
50%
Keep
50%
leave
50%
little
50%
lonely
50%
middle
50%
mind
50%
no
50%
one
50%
our
50%
peace
50%
pulls
50%
sorry
50%
still
50%
There's
50%
tight
50%
town
50%
tryna
50%
with
50%
alright,
33%
but
33%
But
33%
far
33%
forget
33%
nights
33%
seems
33%
That's
33%
till
33%
too
33%
up
33%
waking
33%
way
33%
won't
33%
working
33%
No matching quizzes found
Score Distribution
Percent of People with Each Score
Percentile by Number Answered
Your Score History
You have not taken this quiz